000 01450cam a2200337 a 4500
001 EDZ0000072129
003 StDuBDS
005 20161031105140.0
006 m||||||||d||||||||
007 cr |||||||||||
008 120412s2006 enk fo| 001|0|eng d
020 _a9781446213292 (ebook) :
_cNo price
040 _aStDuBDS
_beng
_cStDuBDS
_epn
049 _aAlfaisal Main Library
050 0 _aLC1090
_b.H33 2006
082 0 4 _a370.116
_223
100 1 _aHayden, Mary.
245 1 0 _aIntroduction to international education
_h[electronic resource] :
_binternational schools and their communities /
_cMary Hayden.
260 _aLondon :
_bSAGE,
_cc2006.
300 _a1 online resource (x, 190 p.)
504 _aIncludes bibliographical references and index.
520 8 _aInterest in the field of international education has never been more intense, and a rapidly expanding number of schools and organisations worldwide now offer curricula that claim to be international in nature. This comprehensive guide examines the key themes of this evolving field.
521 _aSpecialized.
588 _aDescription based on print version record.
650 0 _aInternational education.
655 7 _aElectronic books.
_2local
710 2 _aSage eBooks
776 0 8 _iPrint version :
_z9781412920001
856 4 0 _uhttp://ezproxy.alfaisal.edu/login?url=http://sk.sagepub.com/books/introduction-to-international-education
942 _2lcc
_cEBOOKS
999 _c480367
_d480367